000 00731nam a2200253Ia 4500
003 OSt
005 20220923222701.0
006 a|||||r|||| 00| 0
007 ta
008 220922b |||||||| |||| 00| 0 hin d
024 _a207,037
037 _cTextual
040 _aARTS
_cARTS
_bhin
041 _2hin
_ahin
082 _aO152,6N11x, L7
100 _aअज्ञेय
245 0 _aजोग लिखी
246 _aJog likhī
260 _aदिल्ली
_b राजपाल एंड सन्स
_c1977
300 _a199पृ.
_ccm.
650 _aहिन्दी साहित्य
_9156264
942 _hO152,6N11x, L7
_cTEXL
_2CC
999 _c357657
_d357657